000 00509nam a22001337a 4500
999 _c524528
_d524528
008 231211b ||||| |||| 00| 0 eng d
100 _aSareen, R., Singh, M. and Gupta, N.
_946171
245 _aRoad to city cool: Urban India is a heat trap, but road orientation, building materials and zone-specific master plans can drastically enhance thermal cormfort
260 _aDown to Earth
300 _a22(7), Aug 16-31, 2023: p.46-47
773 _aDown to Earth
906 _aCLIMATE CHANGE
942 _cAR